| 000 | 01230nam a2200349 i 4500 | ||
|---|---|---|---|
| 001 | bg | ||
| 003 | BPK | ||
| 005 | 20240405063150.0 | ||
| 008 | 991206s1999 pl |000 0 pol | ||
| 015 | _aPB 2000/5178 | ||
| 020 | _a8385505865 | ||
| 040 |
_aWA N _cBPK |
||
| 041 | 1 |
_apol _hger |
|
| 080 | _a1:574 | ||
| 100 | 1 |
_aBirnbacher, Dieter _d(1946- ). |
|
| 245 | 1 | 0 |
_aOdpowiedzialność za przyszłe pokolenia / _cDieter Birnbacher ; przeł. Bolesław Andrzejewski, Przemysław Jackowski. |
| 246 | 1 |
_iTyt. oryg. : _aVerantwortung für zukünftige Generationen, _f1988. |
|
| 260 |
_aWarszawa : _b"Oficyna Naukowa", _c1999. |
||
| 300 |
_aXIV, 297, [1] s. ; _c21 cm. |
||
| 490 | 1 |
_aTerminus ; _v19. |
|
| 504 | _aBibliogr. | ||
| 650 | 4 | _aAntropologia filozoficzna | |
| 648 | 4 | _a1901-2000 | |
| 650 | 4 | _aEtyka | |
| 650 | 4 | _aFilozofia ekologiczna | |
| 700 | 1 |
_aJackowski, Przemysław. _eTł. |
|
| 710 | 2 |
_aOficyna Naukowa _4pbl. |
|
| 700 | 1 |
_aAndrzejewski, Bolesław _d(1946- ) _eTłumaczenie |
|
| 830 | 0 |
_aTerminus ; _v19. |
|
| 856 |
_uhttp://koha.tu.koszalin.pl/cgi-bin/koha/opac-detail.pl?biblionumber=45569 _yKatalog online BPK |
||
| 942 |
_2UKD _cKS |
||
| 999 |
_c45569 _d45569 |
||